000 01243nam a2200337 c 4500
999 _c187711
_d187711
003 BLK
005 20230327150517.0
008 180411b bul|||||r ||||||| ||bul||
010 _aKNG00196728000
020 _a978-954-26-1652-8
040 _aBLK
041 _aBUL
_cBUL
072 7 _2bullib
_aН8400
_xБългарска поезия Н
072 7 _2bullib
_aРА
_xРусенски автори
080 _aБългарска литература
_b821.163.2
_x-1
_z821.163.2-1
100 1 _aПигулева, Нели Димитрова
_d1957-
_9373978
139 _aПигулева, Нели Димитрова
_bП 51
245 1 0 _aТочка. Нов ред
_bСтихове
_cНели Димитрова Пигулева.
257 _aBGR
260 _bХермес
_c2016
_fСофия : Алианс принт
300 _a80 с.
_c21 см
380 _aX
500 _aСъдържа и за авт.
653 _aстихотворения
659 _aН
852 _aЦб 283294
852 _aК 821.163.2/П 51 Н
856 4 _qpdf
856 4 _qpdf
942 _cKNG
_n0
_02
_s1
944 _aCR
_c23.11.2016
_lф /
_kВиолета_Тройчева
944 _aED
_c20.06.2017
_lф /
_kПенка_Димитрова
999 _d187711